| 000 | 01069nac a22002531u 4500 | ||
|---|---|---|---|
| 010 | _a 00011966 | ||
| 020 | _a0787952559 | ||
| 082 | 0 | 0 |
_a658 _bCHA |
| 090 |
_c7199 _d7199 |
||
| 100 | _aChang, Richard Y. | ||
| 245 | 1 | 4 |
_aThe passion plan at work : _bbuilding a passion-driven organization / _cRichard Chang. |
| 250 | _a1st ed. | ||
| 260 |
_aSan Francisco : _bJossey-Bass,2001 _cc2001. |
||
| 300 |
_axxvii, 273 p. : _bill. ; _c24 cm. |
||
| 500 | _adistributer: Al-Ahram | ||
| 504 | _aIncludes bibliographical references and index. | ||
| 511 | _acatalogued by: wessam | ||
| 650 | 0 | _aOrganizational effectiveness. | |
| 650 | 0 | _aLeadership. | |
| 856 | 4 | 2 |
_3Contributor biographical information _uhttp://www.loc.gov/catdir/bios/wiley043/00011966.html |
| 856 | 4 | 2 |
_3Publisher description _uhttp://www.loc.gov/catdir/description/wiley036/00011966.html |
| 856 | 4 | 2 |
_3Table of Contents _uhttp://www.loc.gov/catdir/toc/onix07/00011966.html |
| 942 |
_cBB _k658CHA |
||
| 999 |
_c7199 _d7199 |
||